[Event "V Festival A"]
[Site "Positano ITA"]
[Date "2008.10.27"]
[Round "2"]
[White "Dragojlovic, Andjelko"]
[Black "Bruno, Fabio"]
[Result "1-0"]
[WhiteElo "2393"]
[BlackElo "2453"]
[PlyCount "80"]
[EventDate "2008.10.26"]

1. e4 c5 2. Nf3 e6 3. d3 Nc6 4. g3 Nge7 5. Bg2 g6 6. O-O Bg7 7. Re1 O-O 8. c3
d6 9. h4 h6 10. Nbd2 Bd7 11. Nc4 Qc7 12. a4 Ne5 13. Ne3 Nxf3+ 14. Bxf3 f5 15.
exf5 gxf5 16. Ng2 e5 17. Qb3+ Kh7 18. Qxb7 Qxb7 19. Bxb7 Rab8 20. Bf3 Nc6 21.
Ne3 Na5 22. Bd5 Nb3 23. Ra2 Rfe8 24. a5 Rb5 25. a6 Kg6 26. Bc4 Rbb8 27. Nd5
Nxc1 28. Rxc1 Bc6 29. b4 e4 30. dxe4 Rxe4 31. Nf4+ Rxf4 32. gxf4 cxb4 33. cxb4
Be4 34. Rd2 Rb6 35. b5 Bf6 36. Be2 d5 37. h5+ Kf7 38. f3 d4 39. fxe4 fxe4 40.
Rc7+ Ke6 1-0

[Event "V Festival A"]
[Site "Positano ITA"]
[Date "2008.10.27"]
[Round "2"]
[White "Estremera Panos, Sergio"]
[Black "Kizov, Atanas"]
[Result "1/2-1/2"]
[WhiteElo "2374"]
[BlackElo "2439"]
[PlyCount "45"]
[EventDate "2008.10.26"]

1. d4 d5 2. c4 dxc4 3. Nf3 c5 4. e3 cxd4 5. Bxc4 Qc7 6. Qd3 e6 7. exd4 Nf6 8.
O-O Nc6 9. Nc3 a6 10. Qd1 Be7 11. Be3 O-O 12. Rc1 Rd8 13. Qe2 Qa5 14. Rfd1 Qh5
15. Qf1 Qa5 16. Bb3 b5 17. d5 Nb4 18. dxe6 Bxe6 19. Bxe6 fxe6 20. Nd4 e5 21.
Nb3 Rxd1 22. Rxd1 Qc7 23. Qe2 1/2-1/2

[Event "V Festival A"]
[Site "Positano ITA"]
[Date "2008.10.27"]
[Round "2"]
[White "Laketic, Gojko"]
[Black "Cervero, Gianluca"]
[Result "1-0"]
[WhiteElo "2451"]
[BlackElo "1518"]
[PlyCount "65"]
[EventDate "2008.10.26"]

1. e4 e6 2. d3 d5 3. Nd2 dxe4 4. dxe4 e5 5. Ngf3 Nc6 6. g3 Nf6 7. Bg2 Bg4 8. h3
Bxf3 9. Qxf3 Nd7 10. O-O Qf6 11. Qxf6 Nxf6 12. c3 O-O-O 13. Nc4 h6 14. a4 Rd3
15. Be3 Be7 16. Rfd1 Rhd8 17. Rxd3 Rxd3 18. Kf1 Nd7 19. Ke2 Rxe3+ 20. Nxe3 Na5
21. b4 Nc6 22. h4 g5 23. Bh3 gxh4 24. Rd1 hxg3 25. Bxd7+ Kb8 26. Bxc6 bxc6 27.
Rd7 Bg5 28. fxg3 f6 29. Rd8+ Kb7 30. Nc4 h5 31. Na5+ Ka6 32. Rb8 h4 33. Nxc6
1-0

[Event "V Festival A"]
[Site "Positano ITA"]
[Date "2008.10.27"]
[Round "2"]
[White "Naumkin, Igor"]
[Black "Piscopo, Pierluigi"]
[Result "1/2-1/2"]
[WhiteElo "2506"]
[BlackElo "2380"]
[PlyCount "59"]
[EventDate "2008.10.26"]

1. d4 Nf6 2. c4 c5 3. d5 e6 4. Nc3 exd5 5. cxd5 d6 6. e4 g6 7. h3 Bg7 8. Nf3 a6
9. a4 Nbd7 10. Bd3 Nh5 11. O-O Ne5 12. Be2 Nxf3+ 13. Bxf3 Qh4 14. Bxh5 gxh5 15.
Ne2 Rg8 16. Nf4 Bxb2 17. Bxb2 Qxf4 18. Ra3 h4 19. Kh1 Rg6 20. Bc1 Qf6 21. f4
Bd7 22. f5 Rg3 23. Rxg3 hxg3 24. Qg4 Qe7 25. Qxg3 O-O-O 26. a5 Qxe4 27. Qxd6
Bc6 28. Qxc5 Rxd5 29. Qf8+ Rd8 30. Qg7 1/2-1/2

[Event "V Festival A"]
[Site "Positano ITA"]
[Date "2008.10.27"]
[Round "2"]
[White "Sion Castro, Marcelino"]
[Black "Martorelli, Antonio"]
[Result "1-0"]
[WhiteElo "2371"]
[BlackElo "2243"]
[PlyCount "58"]
[EventDate "2008.10.26"]

1. e4 c5 2. Nf3 e6 3. d4 cxd4 4. Nxd4 a6 5. Nc3 b5 6. Bd3 Bc5 7. Nb3 Ba7 8. Qg4
Nf6 9. Qg3 d6 10. O-O Nc6 11. Kh1 b4 12. Nd1 O-O 13. Bg5 Kh8 14. f4 Ne7 15. e5
Nfd5 16. Qh4 g6 17. c4 bxc3 18. Nxc3 Qd7 19. Nxd5 Nxd5 20. Be4 f5 21. exf6 Bb7
22. Na5 Kg8 23. Nxb7 Qxb7 24. Rae1 Qb5 25. Qh6 Rf7 26. Bxg6 Raf8 27. Bxf7+ Rxf7
28. Qh3 Ne3 29. a4 Qd3 1-0

[Event "V Festival A"]
[Site "Positano ITA"]
[Date "2008.10.28"]
[Round "3"]
[White "Piscopo, Pierluigi"]
[Black "Laketic, Gojko"]
[Result "1/2-1/2"]
[WhiteElo "2380"]
[BlackElo "2451"]
[PlyCount "50"]
[EventDate "2008.10.26"]

1. e4 e6 2. d4 d5 3. Nc3 Nf6 4. Bg5 dxe4 5. Nxe4 Be7 6. Bxf6 gxf6 7. Nf3 b6 8.
Bb5+ c6 9. Bd3 Bb7 10. Qe2 Qc7 11. O-O-O Nd7 12. Kb1 O-O-O 13. Ba6 Bxa6 14.
Qxa6+ Kb8 15. Qe2 Rhg8 16. g3 b5 17. c4 bxc4 18. Qxc4 Nb6 19. Qe2 Qd7 20. Rc1
Rc8 21. Nc3 Rh8 22. Rhd1 Ka8 23. Rd3 Rhd8 24. Rdd1 Rh8 25. Rd3 Rhd8 1/2-1/2

[Event "V Festival A"]
[Site "Positano ITA"]
[Date "2008.10.28"]
[Round "4"]
[White "Cervero, Gianluca"]
[Black "Mazzarella, Antonio"]
[Result "1/2-1/2"]
[WhiteElo "1518"]
[BlackElo "2085"]
[PlyCount "65"]
[EventDate "2008.10.26"]

1. e4 e5 2. Nc3 Nf6 3. Bc4 Be7 4. Nge2 O-O 5. d3 Nc6 6. O-O d6 7. h3 Na5 8. Bb3
Nxb3 9. axb3 a6 10. f4 exf4 11. Bxf4 Nd7 12. Ng3 Ne5 13. Nf5 Bxf5 14. exf5 c6
15. g4 Bg5 16. d4 Bxf4 17. Rxf4 Qg5 18. Qf1 Nd7 19. Ne4 Qe7 20. f6 Nxf6 21.
Nxf6+ gxf6 22. Re1 Qd7 23. Rxf6 Rae8 24. Rf2 Rxe1 25. Qxe1 Re8 26. Re2 Rxe2 27.
Qxe2 d5 28. Qe5 Qd8 29. g5 Qf8 30. Kh2 h6 31. Qf6 Qb8+ 32. Kg2 hxg5 33. Qxg5+
1/2-1/2

[Event "V Festival A"]
[Site "Positano ITA"]
[Date "2008.10.28"]
[Round "4"]
[White "Cinque, Antonio"]
[Black "Martorelli, Antonio"]
[Result "1-0"]
[WhiteElo "1862"]
[BlackElo "2243"]
[PlyCount "101"]
[EventDate "2008.10.26"]

1. e4 c5 2. Nc3 e6 3. f4 Ne7 4. Nf3 Nec6 5. Bc4 a6 6. a4 Nb4 7. Be2 d5 8. e5
N8c6 9. d3 Nd4 10. Nxd4 cxd4 11. Nb1 Bd7 12. c3 Nc6 13. O-O Bc5 14. Kh1 O-O 15.
Nd2 f6 16. Nb3 Ba7 17. exf6 Qxf6 18. Bd2 Qe7 19. cxd4 Nxd4 20. Bc3 Nf5 21. Qe1
Rf7 22. Bh5 g6 23. Bd1 h6 24. d4 Qf6 25. Bc2 Rc8 26. Bxf5 exf5 27. Qf2 Rc4 28.
a5 Re7 29. Rfe1 Rc8 30. Rxe7 Qxe7 31. Re1 Qd6 32. Re5 g5 33. Qd2 Bb8 34. Nc5
Be8 35. Qe1 Qg6 36. Re6 Qh5 37. Re7 Bxf4 38. Qe6+ Bf7 39. Qxc8+ Kg7 40. Ne6+
Kf6 41. Nxf4 gxf4 42. Re1 f3 43. gxf3 Qxf3+ 44. Kg1 Qg4+ 45. Kf2 Qf4+ 46. Ke2
Qxh2+ 47. Kd3 f4 48. Qh8+ Kg5 49. Re5+ Kg4 50. Qg7+ Kf3 51. Qxf7 1-0

[Event "V Festival A"]
[Site "Positano ITA"]
[Date "2008.10.28"]
[Round "4"]
[White "Laketic, Gojko"]
[Black "Naumkin, Igor"]
[Result "1/2-1/2"]
[WhiteElo "2451"]
[BlackElo "2506"]
[PlyCount "44"]
[EventDate "2008.10.26"]

1. e4 e5 2. Nf3 Nc6 3. Bb5 a6 4. Ba4 Nf6 5. d3 d6 6. c3 g6 7. d4 Bd7 8. Bg5 Bg7
9. dxe5 dxe5 10. Nbd2 Ne7 11. b4 O-O 12. O-O h6 13. Be3 b6 14. Re1 Nh5 15. Bb3
Nf4 16. Qc2 Rb8 17. Bc4 Bc8 18. g3 Nh3+ 19. Kg2 Kh7 20. Ng1 Nxg1 21. Kxg1 Bf6
22. Rad1 h5 1/2-1/2

[Event "V Festival A"]
[Site "Positano ITA"]
[Date "2008.10.28"]
[Round "4"]
[White "Piscopo, Pierluigi"]
[Black "Kizov, Atanas"]
[Result "1-0"]
[WhiteElo "2380"]
[BlackElo "2439"]
[PlyCount "67"]
[EventDate "2008.10.26"]

1. e4 e5 2. Nf3 Nc6 3. d4 exd4 4. Nxd4 Bc5 5. Be3 Qf6 6. c3 Nge7 7. g3 d5 8.
Bg2 dxe4 9. Nb5 Bxe3 10. Nxc7+ Kf8 11. fxe3 Rb8 12. Na3 Qe5 13. Ncb5 Nf5 14.
Qd2 g6 15. O-O h5 16. Rf4 h4 17. g4 h3 18. Bxe4 Nfe7 19. Raf1 Be6 20. Nd4 Kg8
21. Nxe6 Qxe6 22. Bc2 Rh4 23. Qe2 Ne5 24. Bb3 Qc6 25. Nc4 Nxc4 26. Rxc4 Qe6 27.
Rd4 Qe5 28. Rxf7 Kh8 29. Qf2 Qg5 30. Rf8+ Rxf8 31. Qxf8+ Kh7 32. Bg8+ Kh8 33.
Be6+ Kh7 34. Rf4 1-0

[Event "V Festival A"]
[Site "Positano ITA"]
[Date "2008.10.28"]
[Round "5"]
[White "Bruno, Fabio"]
[Black "Laketic, Gojko"]
[Result "1/2-1/2"]
[WhiteElo "2453"]
[BlackElo "2451"]
[PlyCount "154"]
[EventDate "2008.10.26"]

1. Nf3 Nf6 2. d4 e6 3. e3 d6 4. c4 Nbd7 5. Nc3 e5 6. Be2 c6 7. O-O Be7 8. Qc2
O-O 9. Rd1 Qc7 10. Bd2 Re8 11. b4 Bf8 12. Be1 a6 13. Rab1 exd4 14. Nxd4 c5 15.
Nd5 Nxd5 16. cxd5 Nf6 17. b5 Nxd5 18. bxa6 bxa6 19. Nb3 Nf6 20. Bf3 Rb8 21. Qc4
Bb7 22. Bxb7 Qxb7 23. Qd3 Qb5 24. Qc2 Qa4 25. Rbc1 h6 26. Qe2 Qb5 27. Qf3 Qa4
28. Qe2 Qb5 29. Qf3 Qb7 30. Qe2 Re6 31. Rc2 Qb5 32. Qf3 Ne4 33. Rdc1 Rbe8 34.
Qd1 Nf6 35. Bc3 Qa4 36. Bxf6 Rxf6 37. Rd2 Qe4 38. Qf1 Qa8 39. Rcd1 Rxe3 40.
fxe3 Rxf1+ 41. Kxf1 Qe4 42. Kf2 Be7 43. Re2 d5 44. Nd2 Qd3 45. Rde1 c4 46. Nf3
Bb4 47. Rc1 Bc5 48. h3 f5 49. g3 g5 50. Rg1 Kh7 51. Ne5 Qc3 52. Nd7 Ba7 53. Rb1
Bxe3+ 54. Kg2 Qd3 55. Reb2 Bd4 56. Rb7 Qe2+ 57. Kh1 Qf3+ 58. Kh2 Qf2+ 59. Kh1
Bg7 60. R1b6 Qe1+ 61. Kh2 Qe2+ 62. Kh1 Qd1+ 63. Kh2 Qd2+ 64. Kh1 Qc1+ 65. Kh2
Kg8 66. Rxa6 Qd2+ 67. Kh1 Qe1+ 68. Kh2 Qf2+ 69. Kh1 Qe1+ 70. Kh2 Qe2+ 71. Kh1
Qe4+ 72. Kh2 Qc2+ 73. Kh1 Qd1+ 74. Kh2 Qd2+ 75. Kh1 Qd1+ 76. Kh2 Qc2+ 77. Kh1
Qd1+ 1/2-1/2

[Event "V Festival A"]
[Site "Positano ITA"]
[Date "2008.10.28"]
[Round "5"]
[White "Estremera Panos, Sergio"]
[Black "Piscopo, Pierluigi"]
[Result "1/2-1/2"]
[WhiteElo "2374"]
[BlackElo "2380"]
[PlyCount "45"]
[EventDate "2008.10.26"]

1. d4 Nf6 2. c4 c5 3. d5 e6 4. Nc3 exd5 5. cxd5 d6 6. e4 g6 7. h3 Bg7 8. Nf3 a6
9. a4 Nbd7 10. Bd3 Nh5 11. Bg5 Bf6 12. Be3 O-O 13. O-O Re8 14. Re1 Rb8 15. Qd2
Ne5 16. Be2 Nxf3+ 17. Bxf3 b5 18. axb5 axb5 19. Ne2 Ng7 20. Rac1 b4 21. Nf4 Ba6
22. b3 Re7 23. Nd3 1/2-1/2

[Event "V Festival A"]
[Site "Positano ITA"]
[Date "2008.10.28"]
[Round "5"]
[White "Kizov, Atanas"]
[Black "Sion Castro, Marcelino"]
[Result "0-1"]
[WhiteElo "2439"]
[BlackElo "2371"]
[PlyCount "46"]
[EventDate "2008.10.26"]

1. d4 e6 2. c4 f5 3. g3 Nf6 4. Bg2 c6 5. Nh3 d6 6. O-O Be7 7. Nd2 O-O 8. e4 e5
9. dxe5 dxe5 10. Qe2 Na6 11. exf5 Bxf5 12. Ne4 Nxe4 13. Bxe4 Nc5 14. Bxf5 Rxf5
15. Be3 a5 16. Rad1 Qc8 17. Kg2 Qe6 18. f3 Raf8 19. g4 Rxf3 20. Nf2 e4 21. h3
Qe5 22. Nh1 Bd6 23. Bg1 Nd3 0-1

[Event "V Festival A"]
[Site "Positano ITA"]
[Date "2008.10.28"]
[Round "5"]
[White "Martorelli, Antonio"]
[Black "Cervero, Gianluca"]
[Result "1-0"]
[WhiteElo "2243"]
[BlackElo "1518"]
[PlyCount "49"]
[EventDate "2008.10.26"]

1. e4 e6 2. d4 d5 3. Nd2 Ne7 4. Ngf3 c5 5. dxc5 Qc7 6. Bd3 Nbc6 7. O-O Nb4 8.
Bb5+ Nec6 9. a3 dxe4 10. Nxe4 Nd5 11. Bg5 f6 12. Bh4 Qf4 13. Re1 Bd7 14. c4 f5
15. Nd6+ Bxd6 16. cxd5 Nd4 17. Qxd4 Qxd4 18. Nxd4 Bxc5 19. dxe6 Bxb5 20. Nxb5
O-O 21. Rac1 Bb6 22. e7 Rfe8 23. Nd6 h6 24. Nxf5 Kf7 25. Nd6+ 1-0

[Event "V Festival A"]
[Site "Positano ITA"]
[Date "2008.10.28"]
[Round "5"]
[White "Mazzarella, Antonio"]
[Black "Cinque, Antonio"]
[Result "0-1"]
[WhiteElo "2085"]
[BlackElo "1862"]
[PlyCount "56"]
[EventDate "2008.10.26"]

1. d4 e6 2. Nf3 d5 3. e3 Nf6 4. Bd3 c5 5. c3 Nc6 6. Nbd2 Be7 7. O-O O-O 8. Ne5
Nxe5 9. dxe5 Nd7 10. f4 f5 11. exf6 Nxf6 12. e4 c4 13. Bc2 Qb6+ 14. Kh1 e5 15.
h3 Ng4 16. hxg4 Qh6+ 17. Kg1 Bc5+ 18. Rf2 Qh4 19. Qf1 Bxg4 20. Nxc4 Bxf2+ 21.
Qxf2 Qxf2+ 22. Kxf2 dxc4 23. g3 Rad8 24. Kg2 h5 25. Be3 h4 26. Re1 h3+ 27. Kh2
a6 28. fxe5 Rd2+ 0-1

[Event "V Festival A"]
[Site "Positano ITA"]
[Date "2008.10.28"]
[Round "5"]
[White "Naumkin, Igor"]
[Black "Dragojlovic, Andjelko"]
[Result "1-0"]
[WhiteElo "2506"]
[BlackElo "2393"]
[PlyCount "81"]
[EventDate "2008.10.26"]

1. d4 Nf6 2. c4 g6 3. Nc3 Bg7 4. e4 O-O 5. Nf3 c6 6. e5 Ne8 7. Be2 d6 8. Bf4
dxe5 9. Bxe5 Nf6 10. h3 a6 11. O-O b5 12. Qd2 Nbd7 13. Bf4 Bb7 14. c5 Re8 15.
Rad1 Nf8 16. Bh6 Ne6 17. Bxg7 Kxg7 18. b4 Qc7 19. Ne5 a5 20. a3 Red8 21. Qe3
axb4 22. axb4 Ra3 23. Bf3 Qc8 24. Rfe1 h5 25. Rd3 Rb3 26. g4 hxg4 27. Bxg4 Nxg4
28. Nxg4 Rh8 29. Qe5+ Kg8 30. Nd5 cxd5 31. Rxb3 Rh5 32. Qe3 Ng5 33. Qf4 Qd7 34.
Kg2 Bc8 35. Rbe3 Ne4 36. f3 g5 37. Qb8 f5 38. Ne5 Qe6 39. fxe4 dxe4 40. d5 Qa6
41. Qc7 1-0

[Event "V Festival A"]
[Site "Positano ITA"]
[Date "2008.10.30"]
[Round "6"]
[White "Cinque, Antonio"]
[Black "Bruno, Fabio"]
[Result "0-1"]
[WhiteElo "1862"]
[BlackElo "2453"]
[PlyCount "66"]
[EventDate "2008.10.26"]

1. e4 c5 2. Nc3 e6 3. f4 a6 4. Nf3 Nc6 5. g3 Nge7 6. Bg2 d6 7. O-O g6 8. d3 Bg7
9. Bd2 b5 10. Rb1 O-O 11. Ne2 Bb7 12. g4 d5 13. Ng3 dxe4 14. dxe4 Qc7 15. Qe1
a5 16. c3 a4 17. Qf2 Na5 18. Be3 Rfc8 19. Nd2 f5 20. gxf5 exf5 21. exf5 Nxf5
22. Nxf5 gxf5 23. Bxb7 Qxb7 24. Qf3 a3 25. b4 cxb4 26. cxb4 Qxf3 27. Rxf3 Nc4
28. Nxc4 bxc4 29. b5 Bb2 30. b6 Rab8 31. Rf2 Re8 32. Bc5 Rbc8 33. b7 Rxc5 0-1

[Event "V Festival A"]
[Site "Positano ITA"]
[Date "2008.10.30"]
[Round "6"]
[White "Courbi, Stephane"]
[Black "Kizov, Atanas"]
[Result "0-1"]
[WhiteElo "2038"]
[BlackElo "2439"]
[PlyCount "88"]
[EventDate "2008.10.26"]

1. e4 c5 2. Nf3 e6 3. d4 cxd4 4. Nxd4 Nc6 5. Nc3 Qc7 6. g3 a6 7. Bg2 Nf6 8. O-O
Bc5 9. Nb3 Ba7 10. Qe2 O-O 11. Bg5 Ne5 12. a4 d6 13. Rad1 Nc4 14. Bxf6 gxf6 15.
Qg4+ Kh8 16. Qh4 Qe7 17. e5 Nxe5 18. Ne4 Ng6 19. Qxf6+ Qxf6 20. Nxf6 d5 21. c4
Kg7 22. Nh5+ Kh6 23. Nf6 dxc4 24. Na5 Ne7 25. Rc1 Kg6 26. Ne4 b5 27. Nd6 Rb8
28. axb5 axb5 29. b3 Bb6 30. Nc6 Nxc6 31. Bxc6 cxb3 32. Rb1 Bc5 33. Ne4 Be7 34.
Rxb3 b4 35. Ra1 Rd8 36. Ra7 Bf8 37. g4 Rb6 38. Ba4 Ra6 39. Rxa6 Bxa6 40. h4
Rd1+ 41. Kh2 Ra1 42. Be8 Bb7 43. Ng3 Bd6 44. f3 Ra3 0-1

[Event "V Festival A"]
[Site "Positano ITA"]
[Date "2008.10.30"]
[Round "6"]
[White "Dragojlovic, Andjelko"]
[Black "Piscopo, Pierluigi"]
[Result "1-0"]
[WhiteElo "2393"]
[BlackElo "2380"]
[PlyCount "127"]
[EventDate "2008.10.26"]

1. Nf3 d6 2. d4 Nf6 3. Nc3 Bg4 4. e4 Nc6 5. d5 Nb8 6. h3 Bxf3 7. gxf3 g6 8. a4
Bg7 9. a5 O-O 10. Bc4 c6 11. Bb3 cxd5 12. Nxd5 Nbd7 13. Nxf6+ Nxf6 14. h4 e6
15. Bg5 h6 16. Bd2 Nd7 17. h5 Qf6 18. hxg6 fxg6 19. Be3 Nc5 20. c3 Rae8 21. Rh3
Rc8 22. Ba2 g5 23. Rg3 Rc6 24. Qd2 Nd7 25. f4 gxf4 26. Bxf4 Ne5 27. Bxe5 Qxe5
28. O-O-O Kh7 29. Rdg1 Rc7 30. f4 Qxf4 31. Qxf4 Rxf4 32. Bxe6 Be5 33. Rg8 Bg7
34. Rd8 Rf8 35. Rxd6 Kh8 36. Bf5 Bf6 37. Kc2 Rg7 38. Rxg7 Kxg7 39. c4 Rd8 40.
e5 Be7 41. Rg6+ Kf7 42. Kc3 h5 43. Rh6 h4 44. Rh7+ Kf8 45. b4 Rd1 46. c5 Rd5
47. Be4 Rxe5 48. Bxb7 Kg8 49. Rh6 Kg7 50. Rc6 Bf6 51. Kb3 h3 52. Rc7+ Kg6 53.
Rd7 Re3+ 54. Kc4 Rc3+ 55. Kb5 h2 56. Rd1 Rg3 57. Ka6 Rg4 58. Rb1 Bc3 59. Kxa7
Bxb4 60. Kb6 Bxc5+ 61. Kxc5 Rg1 62. Rb2 h1=Q 63. Bxh1 Rxh1 64. a6 1-0

[Event "V Festival A"]
[Site "Positano ITA"]
[Date "2008.10.30"]
[Round "6"]
[White "Martorelli, Antonio"]
[Black "Mazzarella, Antonio"]
[Result "1-0"]
[WhiteElo "2243"]
[BlackElo "2085"]
[PlyCount "59"]
[EventDate "2008.10.26"]

1. e4 e6 2. d4 d5 3. Nd2 dxe4 4. Nxe4 Nd7 5. Nf3 Ngf6 6. Bg5 Be7 7. Nxf6+ Nxf6
8. Bd3 O-O 9. Qe2 c5 10. O-O-O cxd4 11. h4 Qa5 12. Kb1 Nd5 13. Nxd4 Ba3 14. Nb3
Qb6 15. c4 Nb4 16. bxa3 Nxd3 17. Qxd3 e5 18. Be3 Qf6 19. Qc3 Bf5+ 20. Kb2 Rfc8
21. Rd2 a5 22. a4 Be6 23. Rd6 b5 24. axb5 a4 25. Nc5 a3+ 26. Kc1 Qg6 27. Rhd1
Qg4 28. Nxe6 fxe6 29. Rc6 Rd8 30. Rdd6 1-0

[Event "V Festival A"]
[Site "Positano ITA"]
[Date "2008.10.30"]
[Round "6"]
[White "Sion Castro, Marcelino"]
[Black "Laketic, Gojko"]
[Result "1/2-1/2"]
[WhiteElo "2371"]
[BlackElo "2451"]
[PlyCount "89"]
[EventDate "2008.10.26"]

1. e4 d6 2. d4 Nf6 3. Nc3 e5 4. Nf3 Nbd7 5. Bc4 Be7 6. O-O O-O 7. Re1 c6 8. a4
a5 9. b3 Qc7 10. Ba3 Nb6 11. Bf1 Bg4 12. dxe5 dxe5 13. Bxe7 Qxe7 14. Qd3 Bxf3
15. Qxf3 Qc5 16. Qe3 Qxe3 17. Rxe3 Rfd8 18. Rd3 Rxd3 19. Bxd3 Nfd7 20. Be2 Kf8
21. Rd1 Ke7 22. Bg4 Nc5 23. Kf1 h5 24. Bxh5 Rh8 25. Bg4 Rxh2 26. Bh3 Rh1+ 27.
Ke2 Rxd1 28. Kxd1 Na8 29. g3 Nc7 30. Bf1 Ne8 31. Kd2 Nf6 32. Bg2 Kd6 33. Ke3
Ne6 34. Bf3 Nd4 35. Bd1 b5 36. f4 Nd7 37. Nb1 b4 38. Nd2 Nb6 39. Kd3 f6 40. f5
Kc7 41. Ke3 c5 42. Kd3 Kd6 43. c3 Nc6 44. Bh5 bxc3 45. Kxc3 1/2-1/2

[Event "V Festival A"]
[Site "Positano ITA"]
[Date "2008.10.31"]
[Round "7"]
[White "Cervero, Gianluca"]
[Black "Courbi, Stephane"]
[Result "0-1"]
[WhiteElo "1518"]
[BlackElo "2038"]
[PlyCount "108"]
[EventDate "2008.10.26"]

1. e4 c5 2. Nc3 a6 3. Bc4 e6 4. a3 b5 5. Ba2 Bb7 6. d3 Nf6 7. Nf3 d5 8. e5 Ng8
9. Bg5 Be7 10. h4 Nc6 11. Qd2 h5 12. Qf4 Nh6 13. Bxh6 Rxh6 14. Ng5 Bxg5 15.
hxg5 Rh8 16. g4 h4 17. Rh3 Qc7 18. Bxd5 exd5 19. Nxd5 Qa5+ 20. c3 Nd8 21. Nf6+
gxf6 22. Qxf6 Rg8 23. Rxh4 Qc7 24. Rh8 Rxh8 25. Qxh8+ Kd7 26. O-O-O Ne6 27. Qf6
Rf8 28. g6 fxg6 29. Qxg6 Qxe5 30. Qh7+ Qg7 31. Qh2 Qxg4 32. Rg1 Qf4+ 33. Qxf4
Rxf4 34. Rd1 Rxf2 35. d4 cxd4 36. cxd4 Bd5 37. Rg1 Nxd4 38. Rd1 Nb3+ 39. Kb1
Kc6 40. Rg1 a5 41. Rg3 a4 42. Rg1 Nd4 43. Rc1+ Kd6 44. Rd1 Ne6 45. Ka1 Nf4 46.
Kb1 Ke5 47. Re1+ Kd4 48. Rd1+ Nd3 49. Ka1 Bf3 50. Rb1 Rxb2 51. Rxb2 Nxb2 52.
Kxb2 Kc4 53. Ka2 Kc3 54. Kb1 Kb3 0-1

[Event "V Festival A"]
[Site "Positano ITA"]
[Date "2008.10.31"]
[Round "7"]
[White "Kizov, Atanas"]
[Black "Mazzarella, Antonio"]
[Result "1-0"]
[WhiteElo "2439"]
[BlackElo "2085"]
[PlyCount "91"]
[EventDate "2008.10.26"]

1. d4 Nf6 2. c4 e6 3. Nf3 c5 4. d5 exd5 5. cxd5 d6 6. Nc3 g6 7. Bf4 Bg7 8. Qa4+
Bd7 9. Qb3 Qc7 10. h3 O-O 11. e3 Na6 12. Be2 Rfc8 13. Nd2 Be8 14. O-O Rab8 15.
Qd1 b5 16. a4 Nb4 17. e4 a6 18. Re1 Bd7 19. Bf1 Ne8 20. Bg3 c4 21. Nf3 bxa4 22.
e5 Nd3 23. Bxd3 cxd3 24. exd6 Qc4 25. Ne5 Bxe5 26. Bxe5 Rxb2 27. Nxa4 Rb3 28.
Nb2 Qxd5 29. Re3 Bb5 30. d7 Bxd7 31. Nxd3 Bb5 32. Nb2 Qxd1+ 33. Nxd1 Rxe3 34.
Nxe3 f6 35. Bb2 Kf7 36. Nd5 Rd8 37. Ne3 Nc7 38. Rc1 Ne6 39. Ng4 Nd4 40. Rc7+
Ke6 41. Rxh7 f5 42. Ne3 Ne2+ 43. Kh2 Rd2 44. Bc3 Rd7 45. Rh6 Kf7 46. Rh8 1-0

[Event "V Festival A"]
[Site "Positano ITA"]
[Date "2008.10.31"]
[Round "7"]
[White "Laketic, Gojko"]
[Black "Dragojlovic, Andjelko"]
[Result "1/2-1/2"]
[WhiteElo "2451"]
[BlackElo "2393"]
[PlyCount "38"]
[EventDate "2008.10.26"]

1. d4 Nf6 2. c4 g6 3. Nc3 Bg7 4. e4 O-O 5. Nf3 c6 6. Bd3 d6 7. O-O Bg4 8. Be3
Nfd7 9. Be2 Bxf3 10. Bxf3 a6 11. Rc1 b5 12. Qb3 e5 13. d5 Nc5 14. Qc2 bxc4 15.
Be2 cxd5 16. Nxd5 Nc6 17. Bxc4 Nd4 18. Bxd4 exd4 19. b4 Nd7 1/2-1/2

[Event "V Festival A"]
[Site "Positano ITA"]
[Date "2008.10.31"]
[Round "7"]
[White "Naumkin, Igor"]
[Black "Bruno, Fabio"]
[Result "1/2-1/2"]
[WhiteElo "2506"]
[BlackElo "2453"]
[PlyCount "49"]
[EventDate "2008.10.26"]

1. d4 d5 2. c4 c6 3. Nf3 Nf6 4. Nc3 e6 5. e3 Nbd7 6. Qc2 Bd6 7. Bd3 O-O 8. O-O
dxc4 9. Bxc4 b5 10. Be2 Bb7 11. Rd1 b4 12. Ne4 Nxe4 13. Qxe4 Qe7 14. Bd2 f5 15.
Qc2 a5 16. e4 fxe4 17. Qxe4 Nf6 18. Qh4 c5 19. dxc5 Bxc5 20. Rac1 Rac8 21. a3
Bd5 22. axb4 Bxb4 23. Bxb4 Qxb4 24. Qxb4 axb4 25. Ne5 1/2-1/2

[Event "V Festival A"]
[Site "Positano ITA"]
[Date "2008.10.31"]
[Round "7"]
[White "Piscopo, Pierluigi"]
[Black "Cinque, Antonio"]
[Result "1/2-1/2"]
[WhiteElo "2380"]
[BlackElo "1862"]
[PlyCount "56"]
[EventDate "2008.10.26"]

1. e4 e6 2. d4 d5 3. Nc3 Nf6 4. Bg5 dxe4 5. Nxe4 Be7 6. Bxf6 Bxf6 7. Nf3 Nd7 8.
Qe2 O-O 9. O-O-O c6 10. g4 b5 11. Qe3 Nb6 12. Ne5 Nd5 13. Qd2 Bxe5 14. dxe5 Qc7
15. Qd4 f6 16. f4 fxe5 17. fxe5 Rf4 18. Bg2 Bb7 19. Rhf1 c5 20. Qxc5 Qxe5 21.
Nd6 Qg5 22. Kb1 Rxf1 23. Rxf1 Nc3+ 24. Qxc3 Bxg2 25. Rg1 Qd5 26. Qd3 Qxd3 27.
cxd3 Bc6 28. Rc1 Bf3 1/2-1/2

[Event "V Festival A"]
[Site "Positano ITA"]
[Date "2008.11.01"]
[Round "8"]
[White "Cinque, Antonio"]
[Black "Cervero, Gianluca"]
[Result "1-0"]
[WhiteElo "1862"]
[BlackElo "1518"]
[PlyCount "37"]
[EventDate "2008.10.26"]

1. d4 g6 2. Nc3 Bg7 3. e4 d6 4. Nf3 Nc6 5. Be3 e6 6. Be2 Bd7 7. Qd2 Nge7 8. Bh6
O-O 9. h4 f6 10. O-O-O Rf7 11. Bxg7 Kxg7 12. h5 g5 13. d5 Nb8 14. dxe6 Bxe6 15.
Nd4 Bd7 16. f4 h6 17. Bc4 Bg4 18. Bxf7 Bxd1 19. Ne6+ 1-0

[Event "V Festival A"]
[Site "Positano ITA"]
[Date "2008.11.01"]
[Round "8"]
[White "Courbi, Stephane"]
[Black "Martorelli, Antonio"]
[Result "0-1"]
[WhiteElo "2038"]
[BlackElo "2243"]
[PlyCount "66"]
[EventDate "2008.10.26"]

1. e4 c5 2. Nf3 e6 3. d4 cxd4 4. Nxd4 a6 5. Nc3 Qc7 6. Bd3 Bc5 7. Nb3 Be7 8.
O-O Nf6 9. f4 d6 10. Qe2 Nbd7 11. Bd2 b5 12. a4 b4 13. Na2 a5 14. Kh1 d5 15.
exd5 Nxd5 16. c3 O-O 17. cxb4 axb4 18. Rac1 Qb8 19. a5 N7f6 20. Ra1 Bd6 21. Nd4
Bd7 22. Nc1 Bxf4 23. Ncb3 e5 24. Bxf4 Nxf4 25. Rxf4 exf4 26. Nc5 Bg4 27. Qf2
Re8 28. h3 Bd7 29. Nxd7 Nxd7 30. Bc4 Nf6 31. Nf5 Qe5 32. Bd3 Rad8 33. Bc2 b3
0-1

[Event "V Festival A"]
[Site "Positano ITA"]
[Date "2008.11.01"]
[Round "8"]
[White "Estremera Panos, Sergio"]
[Black "Laketic, Gojko"]
[Result "1/2-1/2"]
[WhiteElo "2374"]
[BlackElo "2451"]
[PlyCount "51"]
[EventDate "2008.10.26"]

1. d4 Nf6 2. c4 e6 3. Nf3 d5 4. Nc3 Be7 5. Bg5 h6 6. Bh4 O-O 7. e3 b6 8. Rc1
Bb7 9. Be2 dxc4 10. Bxc4 Nbd7 11. O-O c5 12. Qe2 Ne4 13. Bg3 Nxg3 14. hxg3 cxd4
15. exd4 Nf6 16. Rfd1 Bb4 17. Ba6 Qe7 18. Bxb7 Qxb7 19. Qb5 Be7 20. d5 exd5 21.
Nxd5 Nxd5 22. Rxd5 Rad8 23. Rcd1 a6 24. Qb3 Rxd5 25. Rxd5 Bf6 26. Ne5 1/2-1/2

[Event "V Festival A"]
[Site "Positano ITA"]
[Date "2008.11.01"]
[Round "8"]
[White "Mazzarella, Antonio"]
[Black "Piscopo, Pierluigi"]
[Result "0-1"]
[WhiteElo "2085"]
[BlackElo "2380"]
[PlyCount "62"]
[EventDate "2008.10.26"]

1. d4 Nf6 2. c4 c5 3. d5 e6 4. Nc3 exd5 5. cxd5 d6 6. e4 g6 7. Bd3 Bg7 8. Nge2
O-O 9. O-O Na6 10. f3 Re8 11. Kh1 Rb8 12. Nb5 Nc7 13. Nxc7 Qxc7 14. a4 a6 15.
Rb1 Nd7 16. b4 cxb4 17. Rxb4 Nc5 18. Qc2 Bd7 19. Bd2 a5 20. Rb5 Bxb5 21. Bxb5
Rec8 22. Rc1 Qd8 23. Qb1 Ra8 24. Bc3 Bxc3 25. Rxc3 Nd7 26. Rd3 Rc5 27. Rd1 Rac8
28. Qd3 Ne5 29. Qe3 Rc2 30. f4 Nc4 31. Qf3 Qh4 0-1